| 000 | 00967nam a22002537a 4500 | ||
|---|---|---|---|
| 999 |
_c438 _d438 |
||
| 003 | AR-CdUCM | ||
| 008 | 190223b ||||| |||| 00| 0 spa d | ||
| 020 | _a84-231-0587-3 | ||
| 040 |
_aMUNICIPALIDAD PROVINCIAL DEL CUSCO _cBIBLIOTECA MUNICIPAL DEL CUSCO |
||
| 082 |
_a909 / _bG861 |
||
| 100 |
_aGrimberg, Carl _91720 |
||
| 245 | _aLa Hegemonía Española | ||
| 260 |
_aEspaña : _bEdiciones Daimon ; _c1982. |
||
| 300 |
_a458 páginas _bilustraciones, mapas _c17cm |
||
| 440 |
_aHistoria Universal Daimon _91721 |
||
| 505 | _aFeilpe II y su época -- Las guerras de religión en Francia -- La hegemonía española -- La literatura y el arte bajo Felipe II -- Continuación del siglo de oro español | ||
| 650 |
_ahegemonía española _91722 |
||
| 650 |
_asiglo de oro español _91723 |
||
| 650 |
_aRey Felipe _91724 |
||
| 650 |
_aguerras de religión _91725 |
||
| 650 |
_aliteratura y arte español _91726 |
||
| 942 |
_2ddc _cLIBROS |
||
| 945 |
_anom _d2019-02-23 |
||